00000000nam 2200000zi 4500
0019.954744
003CaOODSP
00520250908082148
006m     o  d f      
007cr mn|||||||||
008250903s2024    onca    o    f|0| 0 eng d
040 |aCaOODSP|beng|erda|cCaOODSP
043 |an-cn---
0861 |aPS74-26/2025E-PDF
24500|aSecure innovation : |bsecurity advice for emerging technology companies and researchers.
264 1|a[Ottawa] : |bCanadian Security Intelligence Service = Service canadien du renseignement de sécurité, |c[2024]
300 |a1 online resource (1 unnumbered page) : |billustrations
336 |atext|btxt|2rdacontent
337 |acomputer|bc|2rdamedia
338 |aonline resource|bcr|2rdacarrier
500 |aCaption title.
500 |a"Unclassified."
500 |aIssued also in French under title: Innover en toute sécurité : conseils de sécurité à l’intention des entreprises et chercheurs du secteur des nouvelles technologies.
520 |a"The following guidance is largely intended for founders and leaders of small-to-medium-sized companies in the emerging technology sector, but is relevant to researchers across Canada’s research ecosystem and to decision makers at Canadian universities, in addition to public and private research organizations. Increased awareness of threats and mitigating security measures can protect your expertise and competitive advantage, making your company more attractive to investors and customers. Implementing security measures as soon as possible will lay a strong foundation for future success"--Page [1].
61020|aCanadian Security Intelligence Service.
650 0|aIntelligence service|xInformation resources management|zCanada.
650 0|aNational security|xTechnological innovations|zCanada.
650 0|aTechnology and international relations|zCanada.
650 0|aSmall business|xTechnological innovations|zCanada.
650 0|aTechnological innovations|xResearch|zCanada.
7102 |aCanadian Security Intelligence Service, |eissuing body.
77508|w(CaOODSP)954809
77508|tInnover en toute sécurité : |w(CaOODSP)9.954809
85640|qPDF|s945 KB|uhttps://publications.gc.ca/collections/collection_2025/scrs-csis/PS74-26-2025-eng.pdf
8564 |qHTML|sN/A|uhttps://www.canada.ca/en/security-intelligence-service/corporate/publications/secure-innovation-companies.html